Responses for Show #5971 - Monday, July 26, 2010

Contestants

[<< previous game]

Pamela Nelson, a newspaper copy editor and blogger from Clayton, North Carolina

John Cunningham, a research editor from Chicago, Illinois

Alison Stone Roberg, an administrative assistant from Kansas City, Missouri (whose 2-day cash winnings total $55,101)

[next game >>]

Jeopardy! Round responses

CROSS WORLD CLUES "C"
WHAT'S YOUR BEEF?
ORIGINAL TITLES IN LITERATURE?
PURE CLASS
ENDS WITH THE SAME 2 VOWELS
REMEMBER THE MANE
    $200 11
the Caribbean

Pamela
    $200 12
(Pamela: What is a slice?)
...
(Alex: Oh, when you hit it off the heel of the club--and I know that feeling well--it's a [*].)

shank

Pamela
Triple Stumper
    $200 1
The Hobbit

Alison
    $200 21
the Senate

Alison
    $200 6
baa

John
    $200 26
Don King

Pamela
    $400 16
the Czech Republic

John
    $400 13
Chuck

John
    $400 2
1984

Alison
    $400 22
a class-action suit

Alison
    $400 7
a banshee

John
    $400 27
Farrah Fawcett

Alison
    $600 17
Chantilly

Pamela
    $600 14
flank

John
    $600 3
the Odyssey

Alison
    $600 23
stock

Pamela
    $600 8
a muumuu

Alison
    $600 28
Lyle Lovett

John
    $800 18
Chihuahua

Triple Stumper
    $800 15
(Pamela: What is flat-iron?)

hanger

JohnPamela
    $800 4
The Canterbury Tales

John
    $800 24
moss

Pamela
    $1,800 9
radii

Alison
    $800 29
Keri Russell

John
    $1000 19
Cambodia

Pamela
    $1000 20
a tenderloin

Alison
    $1000 5
Gulliver's Travels

John
    $1000 25
(Karl) Marx

Alison
    $1000 10
a Pharisee

Alison
    $1000 30
Dorothy Hamill

Pamela

Scores at the first commercial break (after clue 15):

Alison John Pamela
$4,600 $4,200 -$800

Scores at the end of the Jeopardy! Round:

Alison John Pamela
$7,600 $6,000 $3,400

Double Jeopardy! Round responses

ON THE BRITISH THRONE
TV MORTALITY
BIBLE WHO'S WHO
BUSINESS LETTERS
THE COLDEST PROFESSION
REMEMBER THE "MAIN"
    $400 6
Elizabeth I

Pamela
    $400 1
The Sopranos

Alison
    $400 11
Judas

Alison
    $400 26
United Airlines

Alison
    $400 16
absolute zero

Alison
    $400 17
the main course

Alison
    $800 7
George III

Alison
    $800 2
Buffy the Vampire Slayer

John
    $800 12
Goliath

Alison
    $800 27
Atlantic & Pacific

John
    $800 22
(Alison: What is nitrogen?)

oxygen

Alison
Triple Stumper
    $800 18
a main man

Alison
    $1200 8
Charles

Pamela
    $1200 3
Carla

Alison
    $1200 13
(John: Who is Daniel?)

Job

JohnPamela
    $1200 28
Yogurt

Alison
    $1200 23
natural gas

Triple Stumper
    $1200 19
a mainframe

Pamela
    $1600 9
Victoria

Alison
    $1600 4
Doctor Who

Alison
    $1,600 14
Methuselah

Pamela
    $3,000 29
Value

Alison
    $1600 24
(Alison: What is the Challenger?)
...
(Alex: First was [*].)

the Columbia

Alison
Triple Stumper
    $1600 20
mainstream

Alison
    $2000 10
Edward the Confessor

Triple Stumper
    $2000 5
Edith Bunker

Pamela
    $2000 15
(John: Who is Elijah?)
(Alison: Who is Joshua?)

Gideon

AlisonJohn
Triple Stumper
    $2000 30
National Cash Register

Pamela
    $2000 25
superconductivity

Triple Stumper
    $2000 21
a mainstay

Pamela

Scores at the end of the Double Jeopardy! Round:

Alison John Pamela
$17,800 $4,400 $15,000

[wagering suggestions for these scores]

Final Jeopardy! Round responses

LITERARY BRAWLS
(Alex: Think American literature, think Key West, and there should be only one name that comes to mind.)
JohnWho is Ernest Hemingway?
$4,400
PamelaWho was Hemingway?
$5,000
AlisonWho was Hemingway?
$12,201
Ernest Hemingway

Final scores:

Alison John Pamela
$30,001 $8,800 $20,000
3-day champion: $85,102 3rd place: $1,000 2nd place: $2,000

Game dynamics:

Coryat scores:

Alison John Pamela
$15,400 $4,400 $15,000
25 R
(including 2 DDs),
3 W
12 R,
2 W
15 R
(including 1 DD),
2 W

Combined Coryat: $34,800

[game clues] [game scores] [suggest correction]

Game tape date: 2010-03-16
The J! Archive is created by fans, for fans. Scraping, republication, monetization, and malicious use prohibited; this site may use cookies and collect identifying information. See terms. The Jeopardy! game show and all elements thereof, including but not limited to copyright and trademark thereto, are the property of Jeopardy Productions, Inc. and are protected under law. This website is not affiliated with, sponsored by, or operated by Jeopardy Productions, Inc. Join the discussion at JBoard.tv.